L'administration de l'empire romain : d'Auguste à Dioclétien (notice n° 1925421)
[ vue normale ]
| 000 -LEADER | |
|---|---|
| fixed length control field | 00692cam a2200133 4500500 |
| 005 - DATE AND TIME OF LATEST TRANSACTION | |
| control field | 20260329023209.0 |
| 041 ## - LANGUAGE CODE | |
| Language code of text/sound track or separate title | fre |
| 042 ## - AUTHENTICATION CODE | |
| Authentication code | dc |
| 100 10 - MAIN ENTRY--PERSONAL NAME | |
| Personal name | Lefebvre, Sabine |
| Relator term | author |
| 245 00 - TITLE STATEMENT | |
| Title | L'administration de l'empire romain : d'Auguste à Dioclétien |
| 260 ## - PUBLICATION, DISTRIBUTION, ETC. | |
| Name of publisher, distributor, etc. | Armand Colin,<br/> |
| Date of publication, distribution, etc. | 2011.<br/> |
| 520 ## - SUMMARY, ETC. | |
| Summary, etc. | Sabine Lefebvre est Professeur à l’université de Bourgogne.1. Les grandes étapes de la mise en place de l’administration2. Les services centraux3. L’administration de la ville de Rome4. L’administration provinciale5. L’État et les cités |
| 856 41 - ELECTRONIC LOCATION AND ACCESS | |
| Uniform Resource Identifier | <a href="https://shs.cairn.info/l-administration-de-l-empire-romain--9782200355753?lang=fr&redirect-ssocas=7080">https://shs.cairn.info/l-administration-de-l-empire-romain--9782200355753?lang=fr&redirect-ssocas=7080</a> |
Pas d'exemplaire disponible.




Réseaux sociaux